000 01334nam a22002537a 4500
999 _c522
_d522
005 20190820084359.0
008 190820b ||||| |||| 00| 0 eng d
020 _a9780763646271
040 _cKH8
082 _aFIC BIN
100 _aBingham, Kelly
245 _aShark Girl /
_cKelly Bingham
260 _aSomerville, MA :
_bCandlewick Press,
_c2010, ©2007.
300 _a276 pages ;
_c 21 cm.
520 _aAfter a shark attack causes the amputation of her right arm, fifteen-year-old Jane, an aspiring artist, struggles to come to terms with her loss and the changes it imposes on her day-to-day life and her plans for the future.
521 _aAge 12 and up.
586 _a Winner of Iowa Teen Award 2011 Commended for Tayshas Reading 2008 Short-listed for Rebecca Caudill Young Readers Book Award 2010 Short-listed for Golden Sower Award (Young Adult) 2010 Short-listed for Black-Eyed Susan Award (Grades 6-9) 2009 Short-listed for Volunteer State Book Awards (Young Adult) 2009 Short-listed for Isinglass Teen Read Award 2008 Short-listed for Florida Teens Read 2009
650 _aShark attacks
_vJuvenile fiction.
650 _aAmputees
_vJuvenile fiction.
650 _aArtists
_vJuvenile fiction.
650 _aSelf-acceptance
_vFiction.
650 _aPeople with disabilities
_vFiction.
942 _2ddc
_cFIC